Návrat dynastie Gándhíovcov

Bibliographic Details
Main Author: Moravčík, Leopold, 1944- (Author)
Format: Article
Language:Slovak
PhysicalDescription:Fotogr., obr.
ISSN:1336-1325
Subjects:

MARC

LEADER 00000nab a2200000 a 4500
001 vtls000874467
003 SK-MaSNL
005 20260303165127.0
008 180206c2004 xo 0 slo
015 |a SNBRB2004/06-16763 
035 |a CLN000226019 
040 |a SNKBUCL  |b slo  |c SNKBUCL  |e AACR2 
041 0 |a slo 
044 |a xo  |c SK 
080 |a 929.52Gándhíovci  |2 UDC-MRF-SK2 
080 |a 323(540)  |2 UDC-MRF-SK2 
100 1 |a Moravčík, Leopold,  |d 1944-  |4 aut  |9 209614 
245 1 0 |a Návrat dynastie Gándhíovcov  |c Leopold Moravčík 
300 |b Fotogr., obr. 
600 1 7 |a Gándhí, Sonia,  |d 1946-  |2 snkbucl  |9 221628 
600 3 7 |a Gándhí (dynastia)  |2 snkbucl  |9 1191144 
655 7 |a články z novín a časopisov  |2 snkbucl  |9 267496 
773 0 |x 1336-1325  |t Formát  |g Roč. III, č. 21 (2004), s. 34-35 
850 |a Slovenská národná knižnica v Martine 
852 |a SNK  |b KIS3GCP 
958 |a RBX 
999 |c 2069939  |d 2071869